00242nam a2200097Ia 4500008004100000100001900041245003900060260002800099300000900127650000800136191201s2014 xx 000 0 und d aSINGH, Jagroop 0aPrinciples of Banking BBA 5th Sem. aN. delhibKalyanic2014 aMisc aBBA